ČSN 65 6193 Stanovení obsahu síry spalováním v lampě

Bibliographic Details
Format: Book
Language:Undetermined
PhysicalDescription:11 s.
Published: Praha Vydavatelství úřadu pro normalisaci 1955

MARC

LEADER 00000nam a2200000 a 4500
001 vtls001306619
003 SK-MaSNL
005 20260224110012.0
008 971016s1955 xx 0 und
035 |a SNK000258876 
040 |a SNK  |b slo  |c SNK  |e AACR2 
245 1 |a ČSN 65 6193 Stanovení obsahu síry spalováním v lampě 
260 |a Praha  |b Vydavatelství úřadu pro normalisaci  |c 1955 
300 |a 11 s. 
999 |c 974101  |d 976031 
952 |t P60, <04>, [BOOK], {604}  |a SNK  |b SNK  |y VYP  |7 0  |p 17A0102082  |o snkČSN 65 6193  |0 0  |1 0  |4 0  |d 1997-10-16  |l 0  |r 2005-01-02 00:00:00  |w 2026-02-24